[Event "NED-ch U12 op"]
[Site "Borne"]
[Date "2019.08.10"]
[Round "13"]
[White "De Jong, Quint"]
[Black "Damen, Josephine"]
[Result "1-0"]
[WhiteElo "1260"]
[BlackElo "782"]
[PlyCount "65"]
[EventDate "2019.08.05"]
[EventType "swiss"]
[EventRounds "13"]
[EventCountry "NED"]
[SourceTitle "EXT 2020"]
[Source "ChessBase"]
[SourceDate "2019.10.17"]
[SourceVersion "1"]
[SourceVersionDate "2019.10.17"]
[SourceQuality "1"]

1. d4 Nf6 2. c4 g6 3. Nc3 Bg7 4. e4 d6 5. Nf3 0-0 6. Bg5 Re8 7. Qd2 Bg4 8. Bh6 Bxf3 9. gxf3 Bxh6 10. Qxh6 Nc6 11. Rd1 e5 12. d5 Nd4 13. Be2 Nh5 14. Rg1 Nf4 15. h4 Nfxe2 16. Nxe2 Nxf3+ 17. Kf1 Nxg1 18. Kxg1 Qf6 19. Rd3 Qg7 20. Qg5 f6 21. Qg2 f5 22. exf5 e4 23. Rg3 Kf7 24. Nf4 Qf6 25. Ne6 Re7 26. fxg6+ hxg6 27. h5 Rg8 28. hxg6+ Rxg6 29. Nd8+ Kg7 30. Ne6+ Kh7 31. Rxg6 Qxg6 32. Nf8+ Kh6 33. Qxg6# 1-0

[Event "NED-ch U12 op"]
[Site "Borne"]
[Date "2019.08.09"]
[Round "11"]
[White "De Jong, Quint"]
[Black "Zoet, Otto"]
[Result "1-0"]
[WhiteElo "1260"]
[BlackElo "1146"]
[PlyCount "87"]
[EventDate "2019.08.05"]
[EventType "swiss"]
[EventRounds "13"]
[EventCountry "NED"]
[SourceTitle "EXT 2020"]
[Source "ChessBase"]
[SourceDate "2019.10.17"]
[SourceVersion "1"]
[SourceVersionDate "2019.10.17"]
[SourceQuality "1"]

1. d4 Nf6 2. c4 g6 3. Nc3 d5 4. cxd5 Nxd5 5. e4 Nxc3 6. bxc3 Bg7 7. Nf3 c5 8. Be3 0-0 9. Bc4 Qa5 10. Qd2 b6 11. Bd5 Nd7 12. Bxa8 Ba6 13. Bc6 Nf6 14. c4 Qa3 15. 0-0 Bxc4 16. Qc1 Qa6 17. Re1 b5 18. Bd5 Nxd5 19. exd5 Bxd5 20. Qxc5 Qb7 21. Bf4 e6 22. Rab1 a6 23. a4 Rc8 24. Qa3 Bf8 25. Bd6 Bxd6 26. Qxd6 Bxf3 27. gxf3 Qxf3 28. axb5 axb5 29. Rxb5 Qg4+ 30. Qg3 Qxd4 31. Rbb1 h6 32. Red1 Qe4 33. Rbc1 Re8 34. Rb1 Kh7 35. Rb3 Qc2 36. Rbd3 Ra8 37. Rd7 Qf5 38. Rc1 h5 39. Rxf7+ Qxf7 40. Rc7 Ra1+ 41. Kg2 Kg7 42. Qe5+ Kg8 43. Rxf7 Kxf7 44. Qxa1 1-0

[Event "NED-ch U12 op"]
[Site "Borne"]
[Date "2019.08.07"]
[Round "5"]
[White "De Jong, Quint"]
[Black "Wieggers, Wouter"]
[Result "0-1"]
[WhiteElo "1260"]
[BlackElo "1507"]
[PlyCount "122"]
[EventDate "2019.08.05"]
[EventType "swiss"]
[EventRounds "13"]
[EventCountry "NED"]
[SourceTitle "EXT 2020"]
[Source "ChessBase"]
[SourceDate "2019.10.17"]
[SourceVersion "1"]
[SourceVersionDate "2019.10.17"]
[SourceQuality "1"]

1. d4 Nf6 2. c4 g6 3. Nc3 Bg7 4. e4 d6 5. Nf3 0-0 6. Bf4 Nbd7 7. Qd2 e5 8. dxe5 dxe5 9. Nxe5 Nxe4 10. Nxe4 Nxe5 11. 0-0-0 Qxd2+ 12. Rxd2 Bf5 13. Ng3 Be6 14. b3 c6 15. h3 Rad8 16. Be2 Rxd2 17. Kxd2 Rd8+ 18. Kc2 h5 19. Rd1 Re8 20. Bc1 h4 21. Nf1 Bf5+ 22. Kd2 Rd8+ 23. Ke1 Bd3 24. Bf4 Re8 25. Ne3 Bxe2 26. Kxe2 f5 27. Bg5 Nf7 28. Bxh4 f4 29. Rd7 fxe3 30. fxe3 Bh6 31. Bf2 Kf8 32. g4 Re7 33. Rd1 Kg7 34. h4 Kf8 35. g5 Bg7 36. Bg3 Be5 37. Bf2 Nd6 38. Rd3 Ne4 39. Bg1 Bg3 40. Rd4 Bxh4 41. Kd3 Nc5+ 42. Kd2 Bxg5 43. Rg4 Ne6 44. Bh2 Kf7 45. Be5 Bf6 46. Bh2 Ng5 47. Ke2 Ne4 48. a3 Ng5 49. Bb8 a6 50. Ba7 Ne6 51. a4 b5 52. axb5 Rxa7 53. bxc6 Rc7 54. b4 Rxc6 55. b5 axb5 56. cxb5 Rb6 57. Rb4 Nc7 58. Kd3 Rxb5 59. Rc4 Ne6 60. Ra4 Rb7 61. Ra6 Nc5+ 0-1